Responses for show #4744 - Thursday, March 31, 2005

2005 Ultimate Tournament of Champions Round 1, game 37.

Contestants

Bruce Naegeli, a retired law librarian from Phoenix, Arizona

Graham Gilmer, a senior at Stanford University from Stanford, California

Tom Halpern, a lawyer originally from New York, New York

Jeopardy! Round responses

U.S. GEOGRAPHY
THE MUSICAL FRUIT
EVERYDAY ITEMS
OH, A WEISS GUY, EH?
1955
"FINGER" EXERCISE
    $200 7
Boston

Graham
    $200 6
Strawberry

Graham
    $200 26
flip-flop

Graham
    $200 1
the (Oakland) A's

Tom
    $200 17
(Graham: What is Honda?)

Yamaha

TomGraham
    $200 12
a finger bowl

Bruce
    $400 8
Lake Bonneville

Bruce
    $400 18
(Alex: That's where he found his thrill.)

Blueberry

Tom
    $400 27
folders

Tom
    $400 2
figure skating

Tom
    $400 21
"Love Is A Many-Splendored Thing"

Tom
    $400 13
a split-finger

Tom
    $600 9
Los Alamos

Graham
    $600 19
Banana

Bruce
    $600 28
pennies

Tom
    $600 3
Glen or Glenda

Tom
    $600 23
the AFL & CIO

Tom
    $600 14
fingerlings

Bruce
    $1,000 10
[Loud cheering]
(Alex: Sounds like you have a lot of supporters in our audience today...)
(Graham: Yes.)
(Alex: ...with healthy lungs!)
[Laughter]

Michigan & Superior

Graham
    $800 20
Elderberry

Triple Stumper
    $800 29
umbrellas

Bruce
    $800 4
Baton Rouge

Tom
    $800 24
Ann Landers

Bruce
    $800 15
fingerspelling

Triple Stumper
    $1000 11
Arkansas

Bruce
    $1000 22
(Alex: Not "Last Tango In Paris".)

Mango

Triple Stumper
    $1000 30
a bucket

Bruce
    $1000 5
Peter Weiss

Triple Stumper
    $1000 25
Ben-Gurion

Tom
    $1000 16
(Alex: I'd never heard this before. It's a [*].)

5-finger discount

Triple Stumper

Scores at the first commercial break (after clue 16):

Tom Graham Bruce
$2,400 $2,000 $2,200

Scores at the end of the Jeopardy! Round:

Tom Graham Bruce
$6,000 $2,000 $5,400

Double Jeopardy! Round responses

THE TRUMAN SHOW
WORDS OF A FEATHER
(Alex: Actually, each response will be a word that can me made from the letters in the word "feather".)
FLOWER NAMES
WARSAW
SHE'S LOST CONTROL
"JOY" DIVISION
    $400 1
the Senate

Tom
    $400 6
(Graham: What is a flock?)

three

TomGraham
    $400 26
(Graham: What is lilac?)

hyacinth

TomGraham
    $400 7
Napoleon

Tom
    $400 21
Girl, Interrupted

Graham
    $400 12
The Joy Luck Club

Tom
    $800 2
S

Tom
    $800 16
after

Graham
    $800 27
(Tom: What is marigold?)

a California poppy

Tom
Triple Stumper
    $800 8
the Ghetto

Tom
    $800 22
Faye Dunaway

Bruce
    $800 13
Joy of Sex

Tom
    $1200 3
Bess Truman

Graham
    $1200 17
a raft

Graham
    $1200 28
aster

Bruce
    $1200 9
Solidarity

Tom
    $1200 23
Nuts

Bruce
    $1200 14
The Joy of Cooking

Tom
    $1,600 4
(Graham: What is thrift shop?)

a haberdashery

Graham
    $1600 18
father

Tom
    $1600 29
the primrose

Triple Stumper
    $2,000 10
Chopin

Tom
    $1600 24
Jessica Lange

Bruce
    $1600 15
Joyful Noise

Triple Stumper
    $2000 5
Constitution Hall

Graham
    $2000 20
ether

Tom
    $2000 30
(Alex: And those beautiful flowers are [*].)

hydrangeas

Triple Stumper
    $2000 11
the Vistula

Bruce
    $2000 25
Gothika

Graham
    $2000 19
[ERRATUM: The word "of" was missing from the clue as aired.]

James Joyce

Bruce

Scores at the end of the Double Jeopardy! Round:

Tom Graham Bruce
$17,600 $7,200 $14,200

[wagering suggestions for these scores]

Final Jeopardy! Round responses

ENGLISH LIT
(Alex: [To Bruce] That's the title of the John Milton work, yes. A follow-up to Paradise Lost.)
GrahamWhat is Paradise Found?
$7,100
BruceWhat is Paradise Regained?
$7,400
TomWhat is a kingdom won
$10,801
Paradise Regained

Final scores:

Tom Graham Bruce
$6,799 $100 $21,600
2nd place: $5,000 3rd place: $5,000 Winner: $21,600 + an advance to UToC Round 2

Game dynamics:

Coryat scores:

Tom Graham Bruce
$17,200 $8,600 $14,200
25 R
(including 1 DD),
1 W
11 R
(including 1 DD),
4 W
(including 1 DD)
14 R,
0 W

Combined Coryat: $40,000

The J! Archive is created by fans, for fans. The Jeopardy! game show and all elements thereof, including but not limited to copyright and trademark thereto, are the property of Jeopardy Productions, Inc. and are protected under law. This website is not affiliated with, sponsored by, or operated by Jeopardy Productions, Inc. Join the discussion at JBoard.tv.